[Event "Stockholm Scandic Ariadne"]
[Site "Stockholm"]
[Date "2016.11.05"]
[Round "5"]
[White "Lissang, Christopher"]
[Black "Vanhove, Koen"]
[Result "1-0"]
[WhiteElo "2344"]
[BlackElo "2130"]
[PlyCount "78"]
[EventDate "2016.11.04"]
[EventType "swiss"]
[EventRounds "8"]
[EventCountry "SWE"]
[SourceTitle "CBM 175 Extra"]
[Source "ChessBase"]
[SourceDate "2016.12.12"]
[SourceVersion "1"]
[SourceVersionDate "2016.12.12"]
[SourceQuality "1"]

1. d4 d6 2. Nf3 Bg4 3. c4 Nd7 4. Nc3 Ngf6 5. g3 g6 6. Bg2 Bg7 7. 0-0 0-0 8. Be3 c6 9. Rc1 Nb6 10. b3 Bxf3 11. exf3 d5 12. Qe2 Re8 13. f4 e6 14. c5 Nc8 15. b4 Ne7 16. b5 Nf5 17. g4 Nh4 18. Bh3 Ne4 19. f3 Nxc3 20. Rxc3 g5 21. bxc6 bxc6 22. Qd2 gxf4 23. Bxf4 Ng6 24. Bg3 e5 25. dxe5 Nxe5 26. Rb3 Rb8 27. g5 Qe7 28. f4 Rxb3 29. axb3 Qxc5+ 30. Kh1 Ng6 31. f5 Bc3 32. Qd1 Nf8 33. Qh5 d4 34. Qh6 Qd5+ 35. Bg2 Qb5 36. Bd6 Bb4 37. f6 Ne6 38. Bxb4 Qxb4 39. Be4 Rd8 1-0

[Event "Budapest FS10 IM"]
[Site "Budapest"]
[Date "2016.10.09"]
[Round "8"]
[White "Lundin, Jan"]
[Black "Vanhove, Koen"]
[Result "1-0"]
[WhiteElo "2264"]
[BlackElo "2099"]
[PlyCount "67"]
[EventDate "2016.10.01"]
[EventType "tourn"]
[EventRounds "9"]
[EventCountry "HUN"]
[EventCategory "1"]
[SourceTitle "EXT 2017"]
[Source "ChessBase"]
[SourceDate "2016.10.25"]
[SourceVersion "1"]
[SourceVersionDate "2016.10.25"]
[SourceQuality "1"]

1. e4 g6 2. Nc3 Bg7 3. g3 d6 4. Bg2 Nc6 5. d3 Nf6 6. Nge2 e5 7. 0-0 Be6 8. Nd5 Ne7 9. c4 c6 10. Nxf6+ Bxf6 11. Nc3 Qd7 12. Be3 h5 13. h4 Bh3 14. d4 Bxg2 15. Kxg2 exd4 16. Bxd4 Qe6 17. Qd3 0-0-0 18. Rfe1 Kb8 19. Rad1 Bxd4 20. Qxd4 g5 21. hxg5 Ng6 22. Qf6 Qxf6 23. gxf6 Kc7 24. f4 h4 25. Rh1 Rdg8 26. Ne2 hxg3 27. Rxh8 Rxh8 28. Kxg3 Rh5 29. b3 a5 30. Nd4 Nf8 31. Nf5 Nd7 32. Nxd6 Nxf6 33. e5 Ng8 34. Nxf7 1-0

[Event "Budapest FS10 IM"]
[Site "Budapest"]
[Date "2016.10.05"]
[Round "5"]
[White "Vanhove, Koen"]
[Black "Vegh, Endre"]
[Result "1/2-1/2"]
[WhiteElo "2099"]
[BlackElo "2244"]
[PlyCount "71"]
[EventDate "2016.10.01"]
[EventType "tourn"]
[EventRounds "9"]
[EventCountry "HUN"]
[EventCategory "1"]
[SourceTitle "EXT 2017"]
[Source "ChessBase"]
[SourceDate "2016.10.25"]
[SourceVersion "1"]
[SourceVersionDate "2016.10.25"]
[SourceQuality "1"]

1. c4 b6 2. Nc3 Bb7 3. e4 e5 4. d3 Nc6 5. Be3 Bc5 6. Qg4 g6 7. 0-0-0 Nf6 8. Qh4 Bxe3+ 9. fxe3 Qe7 10. Nf3 0-0-0 11. h3 Rde8 12. g4 h5 13. g5 Nh7 14. Bg2 Nd8 15. Qg3 c6 16. Rhf1 d6 17. Kb1 Kb8 18. Rd2 Bc8 19. d4 Ka8 20. h4 Nb7 21. Bh3 Bxh3 22. Qxh3 f6 23. Rg2 Rhf8 24. gxf6 Rxf6 25. Rfg1 Ref8 26. Nd2 Qf7 27. Kc2 Re8 28. Rg3 Rf8 29. R1g2 Kb8 30. Kd3 Kc7 31. b4 Kb8 32. Qh1 Re8 33. Qd1 exd4 34. exd4 Nf8 35. Rf3 Ne6 36. Rgg3 1/2-1/2

[Event "Budapest FS11 FM-A"]
[Site "Budapest"]
[Date "2015.11.09"]
[Round "3"]
[White "Vanhove, Koen"]
[Black "Bensaid, Simon"]
[Result "1-0"]
[WhiteElo "2100"]
[BlackElo "1861"]
[PlyCount "97"]
[EventDate "2015.11.07"]
[EventType "tourn"]
[EventRounds "9"]
[EventCountry "HUN"]
[SourceTitle "CBM 169 Extra"]
[Source "ChessBase"]
[SourceDate "2015.12.18"]
[SourceVersion "1"]
[SourceVersionDate "2015.12.18"]
[SourceQuality "1"]

1. c4 c6 2. Nc3 Nf6 3. Nf3 d5 4. d4 e6 5. Qc2 Nbd7 6. Bg5 h6 7. Bf4 dxc4 8. e4 Nb6 9. a4 a5 10. Be2 Bb4 11. 0-0 0-0 12. Rfd1 Ne8 13. Na2 Be7 14. Ne5 Bg5 15. Bg3 Nd6 16. Nf3 Be7 17. Bf4 Bd7 18. Ne5 Be8 19. Be3 f6 20. Nxc4 Nbxc4 21. Bxc4 Nxc4 22. Qxc4 Bf7 23. Qc2 Qc8 24. Nc3 f5 25. Rac1 g5 26. f3 Bf6 27. e5 Be7 28. f4 Kg7 29. Ne2 g4 30. Rd3 Qd7 31. Rb3 Bb4 32. Bd2 c5 33. Rd3 Be8 34. b3 Rd8 35. Be3 Qd5 36. Rcd1 Bc6 37. Ng3 cxd4 38. Rxd4 Bc5 39. Rxd5 Bxe3+ 40. Kf1 Bxd5 41. Qc7+ Kg6 42. Rxd5 exd5 43. e6 Rde8 44. e7 Rf7 45. Qd6+ Kh7 46. Qxd5 Rexe7 47. Nxf5 Rd7 48. Qe4 Kh8 49. Qxe3 1-0

[Event "Budapest FS07 FM"]
[Site "Budapest"]
[Date "2001.??.??"]
[Round "6"]
[White "Balogh, Viktor"]
[Black "Vanhove, Koen"]
[Result "1/2-1/2"]
[WhiteElo "2230"]
[BlackElo "2000"]
[PlyCount "48"]
[EventDate "2001.07.??"]
[EventType "tourn"]
[EventRounds "13"]
[EventCountry "HUN"]
[SourceTitle "EXT 2003"]
[Source "ChessBase"]
[SourceDate "2002.11.25"]
[SourceVersion "1"]
[SourceVersionDate "2002.11.25"]
[SourceQuality "1"]

1. e4 g6 2. d4 Bg7 3. Nc3 c6 4. f4 d5 5. e5 h5 6. Nf3 Bg4 7. h3 Bxf3 8. Qxf3 e6 9. Be3 h4 10. Bd3 Ne7 11. 0-0-0 Nf5 12. g4 hxg3 13. Bxf5 gxf5 14. Qxg3 Bh6 15. h4 Nd7 16. h5 Qe7 17. Qf3 Rg8 18. Rdg1 0-0-0 19. Bf2 Rxg1+ 20. Rxg1 Rh8 21. Ne2 Qd8 22. Kb1 Bf8 23. Rh1 Be7 24. h6 Nf8 1/2-1/2

[Event "Budapest FS07 FM"]
[Site "Budapest"]
[Date "2001.??.??"]
[Round "5"]
[White "Vanhove, Koen"]
[Black "Al Saleh, Mohammad"]
[Result "1-0"]
[WhiteElo "2000"]
[BlackElo "2000"]
[PlyCount "75"]
[EventDate "2001.07.??"]
[EventType "tourn"]
[EventRounds "13"]
[EventCountry "HUN"]
[SourceTitle "EXT 2003"]
[Source "ChessBase"]
[SourceDate "2002.11.25"]
[SourceVersion "1"]
[SourceVersionDate "2002.11.25"]
[SourceQuality "1"]

1. c4 Nf6 2. Nc3 g6 3. e4 d6 4. d4 Bg7 5. h3 0-0 6. Nf3 Nc6 7. Be3 e5 8. d5 Ne7 9. g4 h5 10. Nh2 c6 11. Be2 cxd5 12. cxd5 hxg4 13. hxg4 a6 14. f3 b5 15. Qd2 Re8 16. Nf1 Bd7 17. Bh6 Bh8 18. Ng3 b4 19. Nd1 Qb6 20. Be3 Qb7 21. Bd3 Bg7 22. Bh6 Bh8 23. Qh2 Rec8 24. Bg5 Bg7 25. Qh4 Nexd5 26. exd5 Nxd5 27. Qh7+ Kf8 28. Bh6 Bxh6 29. Qxh6+ Ke7 30. Qg5+ f6 31. Rh7+ Kd8 32. Qxg6 b3 33. a3 Qc6 34. Be4 Kc7 35. Qf7 Rh8 36. Bxd5 Rxh7 37. Bxc6 Rxf7 38. Bxa8 1-0

[Event "BEL VSF op-B"]
[Site "Belgium"]
[Date "2001.??.??"]
[Round "?"]
[White "Vanhove, Koen"]
[Black "Bertrem, Stijn"]
[Result "1-0"]
[WhiteElo "2135"]
[BlackElo "2205"]
[PlyCount "121"]
[EventDate "2001.??.??"]
[EventType "swiss"]
[EventRounds "7"]
[EventCountry "BEL"]
[SourceTitle "EXT 2003"]
[Source "ChessBase"]
[SourceDate "2002.11.25"]
[SourceVersion "1"]
[SourceVersionDate "2002.11.25"]
[SourceQuality "1"]

1. c4 e5 2. Nc3 d6 3. Nf3 f5 4. d4 e4 5. Ng5 Nf6 6. h4 Be7 7. e3 0-0 8. Be2 c6 9. Nh3 Na6 10. Nf4 Nc7 11. b3 Bd7 12. a4 a5 13. Ba3 Na6 14. Rb1 Qb6 15. h5 Nb4 16. c5 Qd8 17. cxd6 Bxd6 18. Bc4+ Nfd5 19. Ncxd5 cxd5 20. Nxd5 Kh8 21. Bxb4 axb4 22. g3 Qa5 23. Nf4 Bxf4 24. gxf4 b5 25. axb5 Bxb5 26. h6 Ra7 27. Rg1 Be8 28. hxg7+ Rxg7 29. Rxg7 Kxg7 30. Ra1 Qd8 31. Ra7+ Kh6 32. Kd2 Qh4 33. Qg1 Bg6 34. Qg3 Qxg3 35. fxg3 Rb8 36. Ke1 Bh5 37. Ra6+ Kg7 38. Kf2 Rb7 39. Ra5 Bg6 40. Kg2 Rb6 41. Ra7+ Kf6 42. Kf2 h6 43. Ke1 Be8 44. Ra5 Bh5 45. Ra8 Bg6 46. Kf2 Bh5 47. Kg2 Bg4 48. Ra7 Kg6 49. Kf2 Bd1 50. Ke1 Bg4 51. Rc7 Kf6 52. Rf7+ Kg6 53. Ra7 Kf6 54. d5 h5 55. Rh7 Kg6 56. Rc7 Kf6 57. Ra7 Kg6 58. Rd7 Kf6 59. d6 Kg6 60. Rd8 Kf6 61. Rf8+ 1-0

[Event "BEL VSF op-B"]
[Site "Belgium"]
[Date "2001.??.??"]
[Round "?"]
[White "Vanhove, Koen"]
[Black "Deleyn, Gunter"]
[Result "1/2-1/2"]
[WhiteElo "2135"]
[BlackElo "2295"]
[PlyCount "79"]
[EventDate "2001.??.??"]
[EventType "swiss"]
[EventRounds "7"]
[EventCountry "BEL"]
[SourceTitle "EXT 2003"]
[Source "ChessBase"]
[SourceDate "2002.11.25"]
[SourceVersion "1"]
[SourceVersionDate "2002.11.25"]
[SourceQuality "1"]

1. c4 e6 2. Nc3 Bb4 3. a3 Bxc3 4. bxc3 c5 5. Nf3 Nf6 6. g3 0-0 7. Bg2 d6 8. 0-0 Nc6 9. d3 Qe7 10. h3 d5 11. cxd5 exd5 12. Bg5 h6 13. Bxf6 Qxf6 14. d4 Be6 15. Rc1 Qe7 16. Qa4 Qd7 17. Kh2 b6 18. Rfe1 f5 19. dxc5 bxc5 20. e3 Qc7 21. Qf4 Rac8 22. h4 Rfd8 23. Rb1 Qe7 24. Rb5 Kh7 25. Reb1 Rd7 26. Kg1 g6 27. a4 Rcc7 28. Bh3 Bf7 29. h5 Qe4 30. hxg6+ Bxg6 31. Nh4 Ne7 32. Nxg6 Kxg6 33. Rd1 Qxf4 34. gxf4 Kf6 35. Kf1 Ke6 36. Ke2 Rd8 37. Bg2 h5 38. Rh1 Rh8 39. Bh3 h4 40. Rg1 1/2-1/2

[Event "Budapest FS07 FM"]
[Site "Budapest"]
[Date "2001.??.??"]
[Round "9"]
[White "Vanhove, Koen"]
[Black "Suranyi, Pal"]
[Result "1/2-1/2"]
[WhiteElo "2000"]
[BlackElo "2145"]
[PlyCount "110"]
[EventDate "2001.07.??"]
[EventType "tourn"]
[EventRounds "13"]
[EventCountry "HUN"]
[SourceTitle "EXT 2003"]
[Source "ChessBase"]
[SourceDate "2002.11.25"]
[SourceVersion "1"]
[SourceVersionDate "2002.11.25"]
[SourceQuality "1"]

1. e4 c5 2. Nf3 d6 3. Bb5+ Nd7 4. d4 Ngf6 5. Nc3 a6 6. Bxd7+ Nxd7 7. 0-0 e6 8. Ne2 Be7 9. c3 0-0 10. Be3 b5 11. Ng3 Bb7 12. Qd2 h6 13. Rfd1 Nf6 14. Qd3 Qc7 15. Bf4 Rfd8 16. Qe2 Qc6 17. Re1 Bf8 18. Rac1 a5 19. h3 Ba6 20. Nh2 b4 21. Qf3 bxc3 22. bxc3 Qa4 23. Bxh6 cxd4 24. cxd4 Qxd4 25. Rcd1 Qb2 26. Rd2 Qb4 27. Red1 Rac8 28. Ng4 Nxg4 29. Qxg4 Kh8 30. Bg5 Rd7 31. Rd4 Qb6 32. e5 d5 33. Qh5+ Kg8 34. Rh4 f6 35. Qh7+ Kf7 36. exf6 Ke8 37. Qg6+ Rf7 38. Rf4 e5 39. Re1 Qe6 40. Nh5 Kd7 41. Rxe5 Bd3 42. Qxd3 Qxe5 43. Rf5 Qe1+ 44. Kh2 Bd6+ 45. Bf4 Bxf4+ 46. Nxf4 gxf6 47. Qb5+ Kc7 48. Qc5+ Kb8 49. Qxd5 Rb7 50. Qd6+ Ka7 51. Qd4+ Kb8 52. Qxf6 Qb4 53. Qe5+ Ka7 54. Qe6 Qc4 55. Qe3+ Qc5 1/2-1/2